DIFIORE,S ATLAS OF HISTOLOGY (Record no. 1437)

MARC details
000 -LEADER
fixed length control field 00364nam a2200145Ia 4500
008 - FIXED-LENGTH DATA ELEMENTS--GENERAL INFORMATION
fixed length control field 150201s2013 xx 000 0 und d
082 ## - DEWEY DECIMAL CLASSIFICATION NUMBER
Classification number 611.018
Item number A13E
100 ## - MAIN ENTRY--PERSONAL NAME
Personal name EROSCHENKO , VICTOR P.
245 ## - TITLE STATEMENT
Title DIFIORE,S ATLAS OF HISTOLOGY
250 ## - EDITION STATEMENT
Edition statement 12TH
260 ## - PUBLICATION, DISTRIBUTION, ETC. (IMPRINT)
Name of publisher, distributor, etc. WOLTERS KLUWER
Place of publication, distribution, etc. DELHI
Date of publication, distribution, etc. 2013
300 ## - PHYSICAL DESCRIPTION
Extent 1-603
650 ## - SUBJECT ADDED ENTRY--TOPICAL TERM
Topical term or geographic name as entry element HUMAN ANATOMY
942 ## - ADDED ENTRY ELEMENTS (KOHA)
Source of classification or shelving scheme Dewey Decimal Classification
Koha item type Books
Koha issues (borrowed), all copies 4
Holdings
Withdrawn status Lost status Source of classification or shelving scheme Damaged status Not for loan Collection code Home library Current library Shelving location Date acquired Source of acquisition Cost, normal purchase price SGTU Bill Number Total Checkouts Full call number Barcode Date last seen Bill Date Koha item type Date last checked out
    Dewey Decimal Classification   Not For Loan MEDICAL SGT Medical Library SGT Medical Library Reference Book 24/01/2013 ABC DELHI 775.00 SGTU 3109   611.018 A13E FM5210 09/02/2015 05/02/2013 Books  
    Dewey Decimal Classification     MEDICAL SGT Medical Library SGT Medical Library Reference Book 24/01/2013 ABC DELHI 775.00 SGTU 3109 3 611.018 A13E FM5211 16/10/2023 05/02/2013 Books 23/09/2023
    Dewey Decimal Classification     MEDICAL SGT Medical Library SGT Medical Library Reference Book 24/01/2013 ABC DELHI 775.00 SGTU 3109 6 611.018 A13E FM5212 02/06/2026 05/02/2013 Books 19/05/2026